Applied sport psychology : (Record no. 15192)

000 -LEADER
fixed length control field 00718cam a2200205 a 4500
020 ## - INTERNATIONAL STANDARD BOOK NUMBER
ISBN 0072843837 (softcover : alk. paper)
040 ## - CATALOGING SOURCE
Transcribing agency DLC
082 00 - DEWEY DECIMAL CLASSIFICATION NUMBER
Classification number 796 MCG 2006 A088 Or.
245 00 - TITLE STATEMENT
Title Applied sport psychology :
Remainder of title personal growth to peak performance /
250 ## - EDITION STATEMENT
Edition statement 5th ed.
260 ## - PUBLICATION, DISTRIBUTION, ETC. (IMPRINT)
Place of publication Boston :
Name of publisher McGraw-Hill,
Year of publication 2006.
300 ## - PHYSICAL DESCRIPTION
Number of Pages xxviii, 647, I-26 p. ;
Dimensions 24 cm.
650 #0 - SUBJECT ADDED ENTRY--TOPICAL TERM
Topical Term Sports
650 #0 - SUBJECT ADDED ENTRY--TOPICAL TERM
Topical Term Coaching (Athletics)
700 1# - ADDED ENTRY--PERSONAL NAME
Personal name Williams, Jean M.
856 42 - ELECTRONIC LOCATION AND ACCESS
Uniform Resource Identifier http://www.loc.gov/catdir/enhancements/fy0625/2005050509-d.html
856 41 - ELECTRONIC LOCATION AND ACCESS
Uniform Resource Identifier http://www.loc.gov/catdir/enhancements/fy0625/2005050509-t.html
856 42 - ELECTRONIC LOCATION AND ACCESS
Uniform Resource Identifier http://www.loc.gov/catdir/enhancements/fy0737/2005050509-b.html
942 ## - ADDED ENTRY ELEMENTS (KOHA)
Koha item type សៀវភៅភាសាអង់គ្លេស
952 ## - LOCATION AND ITEM INFORMATION (KOHA)
Withdrawn status [LOCAL, KOHA] 0
Holdings
Permanent Location Date acquired Koha item type Lost status Shelving location Barcode Current Location Full call number
Library Block A2017-11-13សៀវភៅភាសាអង់គ្លេស A088A06841Library Block A796 MCG 2006 A088 Or.
មជ្ឈមណ្ឌលឯការនៃសាកលវិទ្យាល័យភូមិន្ទកសិកម្មចំការដូង

Powered by Koha